Statistics for Big U.S. Cities Closest to Chicago

Click here to take the quiz!

General Stats

  • This quiz has been taken 45 times
  • The average score is 6 of 10

Answer Stats

DistancePopulationU.S. City% Correct
165.12,074,537Indianapolis
94%
81.61,575,179Milwaukee
91%
122.1664,865Madison
71%
125.41,077,370Grand Rapids
54%
79.2336,116Rockford
51%
140.5413,263Fort Wayne
49%
72.6323,613South Bend
49%
130.5400,561Peoria
43%
153.7379,172Davenport-Moline
37%
168.2550,391Lansing
37%

Score Distribution

Percentile by Number Answered

Percent of People with Each Score

Your Score History

You have not taken this quiz